000 00564nam a2200193Ia 4500
005 20250508154830.0
008 008 250505s9999 xx 000 0 hin d
037 _aTextual
040 _aFEDL
_beng
_cFEDL
041 _ahin
_2eng
084 _a613.2, GUP
_qFEDL
100 _aGupta Suresh Chandra
_9417125
245 0 _aHammer bacon: scot-free per e.g. serial aura rock pachytic
260 _aDelhi, India
_bYoung Man and Co.
300 _a24p
700 _a Mahesh Chandra
_9766217
942 _cTEXL
_h613.2, GUP
999 _c1352369
_d1352369